000 00429nam a2200181Ia 4500
003 STCL
008 181203s9999 xx 000 0 und d
020 _a9788122613735
040 _aSTCL
_bEN
_cSTCL
082 _222
100 _aBalakrishnan, C.V.
245 0 _aഎഡ്വിൻ പോൾ
246 _aEdwin Paul
260 _bCurrent Books
_aThrissur
_c2016
300 _a102
546 _aMalayalam
942 _2ddc
_cBK
999 _c85486
_d85486